000 00457cam a2200193ua 4500
020 _c4.20
041 _aeng
_h
082 _a823.308
_bBAL/GO
100 _aBallantyne, R M .
245 _aGorilla hunters /
_cR M Ballantyne.
_hTextual Documents
260 _aLondon :
_bBlackie & Son Ltd ,
_c1973.
300 _a106 ; .
365 _a4.20
504 _a
942 _cBK
999 _c2736
_d2736